|
|
|
|
| LEADER |
00000cam a2200000 7i4500 |
| 001 |
0000003292 |
| 005 |
20050822.0 |
| 020 |
0 |
0 |
|a 1875093443
|
| 090 |
0 |
0 |
|a 615.321
|b VAN
|
| 100 |
1 |
0 |
|a Van Wyk, Ben-Erik.
|
| 245 |
1 |
0 |
|a Medicinal plants of the world :
|b an illustrated scientific guide to important medicinal plants and their uses /
|c Ben-Erik van Wyk, Michael Wink.
|
| 260 |
0 |
0 |
|a Pretoria, South Africa :
|b Briza Pub., ,
|c 2004.
|
| 300 |
|
|
|a 480 p. :
|b ill. (some col.) ;
|c 25 cm.
|
| 650 |
0 |
0 |
|a Materia medica, Vegetable
|
| 650 |
0 |
0 |
|a Medicinal plants.
|
| 700 |
1 |
1 |
|a Wink, Michael
|
| 999 |
|
|
|a 0000006277
|b Monograph
|c Open Shelf
|e Default branch
|